000 00293nam a22001337a 4500
008 180914b xxu||||| |||| 00| 0 eng d
020 _a0060150947
041 _aeng
080 _a821
100 _a21
101 _aGJL
245 _aOn Writing the Short Story
_cBurnett, H
942 _2udc
_cBK
999 _c47773
_d47773